Sports Quiz

Random Sports or Football Quiz

Football League Clubs 2011-12 Quiz Stats

 Plays Quiz not verified by Sporcle

Challenge
Share
Tweet
Embed
Score 0/92 Timer 13:00
0 Plays Today
Nickname Club % Correct
The GunnersArsenal
100%
The VillainsAston Villa
100%
RoversBlackburn
100%
The TofeesEverton
100%
The CottagersFulham
100%
The RedsLiverpool
100%
The PensionersChelsea
94.4%
The MagpiesNewcastle
94.4%
The CanariesNorwich
94.4%
The PottersStoke
94.4%
The Black CatsSunderland
94.4%
The SwansSwansea
94.4%
SpursTottenham
94.4%
The BaggiesWest Brom
94.4%
The TigersHull
94.4%
ForestNottingham Forest
94.4%
PompeyPortsmouth
94.4%
The HammersWest Ham
94.4%
The TrottersBolton
88.9%
The LaticsWigan
88.9%
The TykesBarnsley
88.9%
The ClaretsBurnley
88.9%
The BluebirdsCardiff
88.9%
The PoshPeterborough
88.9%
The RoyalsReading
88.9%
The DonsMK Dons
88.9%
The RamsDerby
83.3%
The CitizensMan City
83.3%
The Super HoopsQPR
83.3%
WolvesWolves
83.3%
The SeagullsBrighton
83.3%
Nickname Club % Correct
The Sky BluesCoventry
83.3%
BoroMiddlesborough
83.3%
The SaintsSouthampton
83.3%
The MagpiesNotts County
83.3%
The OwlsSheffield Wednesday
83.3%
The BluesBirmingham
77.8%
The SeasidersBlackpool
77.8%
The RobinsBristol City
77.8%
The Tractor BoysIpswich
77.8%
The WhitesLeeds
77.8%
The FoxesLeicester
77.8%
The BeesBrentford
77.8%
The GreciansExeter
77.8%
StanleyAccrington Stanley
77.8%
The EaglesCrystal Palace
72.2%
The LionsMillwall
72.2%
The HornetsWatford
72.2%
The O'sLeyton Orient
72.2%
DaleRochdale
72.2%
The PiratesBristol Rovers
72.2%
The RailwaymenCrewe
72.2%
The ShrewsShrewsbury
72.2%
The Red DevilsMan Utd
66.7%
RoversDoncaster
66.7%
The AddicksCharlton
66.7%
The SpireitesChesterfield
66.7%
The TerriersHuddersfield
66.7%
The GloversYeovil
66.7%
The BantamsBradford
66.7%
The Red DevilsCrawley Town
66.7%
The DaggersDagenham & Redbridge
66.7%
Nickname Club % Correct
The ValiantsPort Vale
66.7%
The CumbriansCarlisle
61.1%
The U'sColchester
61.1%
The Monkey HangersHartlepool
61.1%
The LaticsOldham
61.1%
IronScunthorpe
61.1%
BoroStevenage
61.1%
The SaddlersWalsall
61.1%
The ShotsAldershot
61.1%
The GillsGillingham
61.1%
The U'sOxford
61.1%
The LillywhitesPreston
55.6%
The BladesSheffield Utd
55.6%
RoversTranmere
55.6%
The PilgrimsPlymouth
55.6%
The ShrimpersSouthend
55.6%
The GullsTorquay
55.6%
The ShakersBury
50%
The ChairboysWycombe
50%
The DonsAFC Wimbledon
50%
The BrewersBurton Albion
50%
The SilkmenMacclesfield
50%
The CobblersNorthampton
50%
The MillersRotherham
50%
The RobinsSwindon
50%
The BeesBarnet
44.4%
The RobinsCheltenham
44.4%
The BullsHereford
44.4%
The ShrimpsMorecambe
44.4%
The CherriesBournmouth
38.9%

You're not logged in!

Compare scores with friends on all Sporcle quizzes.
OR
Log In

You Might Also Like...

Show Comments

Extras

Top Quizzes Today


Score Distribution

Your Account Isn't Verified!

In order to create a playlist on Sporcle, you need to verify the email address you used during registration. Go to your Sporcle Settings to finish the process.

Report this User

Report this user for behavior that violates our Community Guidelines.

Details: